| 000 | 01358cam a2200337 i 4500 | ||
|---|---|---|---|
| 005 | 20160107101043.0 | ||
| 008 | 040223s2003 ck a r 00010 spa d | ||
| 015 | _ack-2003-xxxx | ||
| 020 | _a9586981150 | ||
| 040 |
_ala _cla _dCO-BoIAVH |
||
| 041 | 0 | _aspa | |
| 082 | 0 | 4 |
_a639.311 _bC82g |
| 100 | 1 |
_aCortés Millán, Gilberto Augusto _947878 |
|
| 245 | 1 | 0 |
_a Guía para el manejo, cría y conservación del Bagre Rayado : _bpseudoplatystoma fasciatum linneo / _cGilberto Augusto Cortés Millán ; edición Henry Yesid Bernal ; ilustraciones Luis Aurelio Durán D. |
| 250 | _aEdición Henry Yesid Bernal. | ||
| 260 |
_aBogotá : _bConvenio Andrés Bello, _c2003. |
||
| 300 |
_a56 páginas : _bilustraciones _c28 cm. |
||
| 500 | _aGlosario : p. 35-36. | ||
| 500 | _aTítulo tomado de la caratula. | ||
| 504 | _aIncluye referencias bibliográficas. | ||
| 650 | 2 | 4 |
_aBagre rayado _x Recetas. _948015 |
| 650 | 1 | 4 |
_aPiscicultura _948016 |
| 650 | 2 | 6 |
_aBagre rayado _x Cría y desarrollo _v Guías. _948017 |
| 650 | 2 | 4 |
_aBagre rayado _x Cultivo. _948018 |
| 650 | 2 | 4 |
_aEstanques de peces _947883 |
| 650 | 2 | 4 |
_aPeces de agua dulce _xAlimentación y alimentos _948019 |
| 700 | 1 |
_aDurán Delgado, Luis Aurelio, _d1967-, _eilustrador _948020 |
|
| 700 | 1 |
_aBernal, Henry Yesid, _eeditor _92123 |
|
| 710 | 2 |
_aConvenio Andrés Bello _93230 |
|
| 942 |
_2ddc _cLIBRO |
||
| 999 |
_c5483 _d5483 |
||